000 00686nam a2200181 a 4500
008 101020s2008 ||||||||||||||||| || u
020 _a9780521722360
050 _aQA 241 Dav
100 _aDavenport, H., 1907-
245 1 4 _aThe higher arithmetic: an introduction to the theory of numbers. (8th ed.)
250 _a8th ed.
260 _aNew York:
_bCambridge University Press
_c2008
300 _aix, 239p.: ill.
350 _a0.00
650 0 _aMATHEMATICS--HANDBOOKS, MANUALS, ETC
650 _aNUMBER THEORY
995 _D0.00
_FCBU-MAIN LIBRARY (Kitwe)
_H1
_I0.00
_M1
_UAVAILABLE
_WJan 6, 2011
_ZAnnex Low-Usage Collection
999 _c45526
_d45526